[Event "POL-ch disabled"]
[Site "Rowy"]
[Date "2009.09.04"]
[Round "5.5"]
[White "Wojcieszyn, Zdzislaw"]
[Black "Pipala, Janusz"]
[Result "1/2-1/2"]
[WhiteElo "2039"]
[BlackElo "1959"]
[PlyCount "97"]
[EventDate "2009.09.01"]
[EventType "swiss"]
[EventRounds "9"]
[EventCountry "POL"]
[SourceTitle "EXT 2023"]
[Source "ChessBase"]
[SourceDate "2022.10.05"]
[SourceVersion "1"]
[SourceVersionDate "2022.10.05"]
[SourceQuality "1"]

1. c4 Nf6 2. Nc3 g6 3. g3 Bg7 4. Bg2 0-0 5. d4 d6 6. Nf3 c6 7. 0-0 Qc7 8. Re1 e5 9. e4 h6 10. h3 Nbd7 11. Be3 b6 12. Qd2 Kh7 13. Rad1 Ba6 14. b3 Rad8 15. Qc1 Nb8 16. Qa3 Rfe8 17. dxe5 dxe5 18. Qc1 Bf8 19. Nd2 Nh5 20. Bf3 Ng7 21. Nf1 Ne6 22. Rxd8 Rxd8 23. Ne2 Nd7 24. Rd1 Bc8 25. Kh2 Ndc5 26. Rxd8 Qxd8 27. Qd2 Be7 28. Qxd8 Bxd8 29. Nd2 Bg5 30. Bxg5 hxg5 31. Bg4 a5 32. Kg2 Kg7 33. Nc3 Bd7 34. Nf1 f6 35. Ne3 Kf7 36. Kf1 Ke7 37. Bxe6 Bxe6 38. g4 Kd6 39. Ke2 Bd7 40. Kd2 Ne6 41. Ne2 Kc5 42. Kd3 a4 43. Kc3 axb3 44. axb3 Kd6 45. b4 Nc7 46. Nc1 Bc8 47. Kd3 Ba6 48. Ne2 Ke7 49. Nc2 1/2-1/2

[Event "Pszczyna op"]
[Site "Pszczyna"]
[Date "2009.07.16"]
[Round "4"]
[White "Worek, Joanna"]
[Black "Pipala, Janusz"]
[Result "1-0"]
[WhiteElo "2232"]
[BlackElo "1977"]
[PlyCount "65"]
[EventDate "2009.07.14"]
[EventType "swiss"]
[EventRounds "9"]
[EventCountry "POL"]
[SourceTitle "CBM 131 Extra"]
[Source "ChessBase"]
[SourceDate "2009.09.03"]
[SourceVersion "2"]
[SourceVersionDate "2009.09.16"]
[SourceQuality "1"]

1. Nf3 Nf6 2. c4 b6 3. Nc3 e6 4. d4 Bb7 5. g3 Ne4 6. Bg2 f5 7. 0-0 Be7 8. d5 0-0 9. Nxe4 fxe4 10. Ne1 exd5 11. cxd5 Bf6 12. Bxe4 Na6 13. Nd3 Qe7 14. Bg2 Qf7 15. e4 Nc5 16. Nxc5 bxc5 17. Be3 Ba6 18. Re1 Bxb2 19. Bxc5 d6 20. Bd4 Bxa1 21. Qxa1 Rfe8 22. Qc3 Re7 23. Qc6 Rb8 24. Qxa6 Rb4 25. Bc3 Rb6 26. Qxa7 Rb5 27. Qd4 Qe8 28. Bh3 c5 29. Be6+ Kh8 30. Qd3 Reb7 31. e5 dxe5 32. Bxe5 Qa8 33. d6 1-0

[Event "Pszczyna op"]
[Site "Pszczyna"]
[Date "2009.07.14"]
[Round "2"]
[White "Piesik, Piotr"]
[Black "Pipala, Janusz"]
[Result "1-0"]
[WhiteElo "2209"]
[BlackElo "1977"]
[PlyCount "61"]
[EventDate "2009.07.14"]
[EventType "swiss"]
[EventRounds "9"]
[EventCountry "POL"]
[SourceTitle "CBM 131 Extra"]
[Source "ChessBase"]
[SourceDate "2009.09.03"]
[SourceVersion "2"]
[SourceVersionDate "2009.09.16"]
[SourceQuality "1"]

1. Nf3 d5 2. g3 Nf6 3. Bg2 g6 4. 0-0 Bg7 5. d3 0-0 6. Nbd2 Nbd7 7. e4 dxe4 8. dxe4 e5 9. Qe2 Qe7 10. b3 Re8 11. Bb2 h6 12. Nc4 Nh7 13. a4 Ng5 14. Rfd1 Nxf3+ 15. Qxf3 Nb6 16. Ne3 Be6 17. Ba3 Qf6 18. Qxf6 Bxf6 19. a5 Nd7 20. Bf1 Be7 21. Bb2 a6 22. Bc4 Nc5 23. Bxe6 Nxe6 24. Bxe5 f6 25. Bb2 c6 26. Ng4 Ng5 27. Nxh6+ Kg7 28. Ng4 Rad8 29. Kg2 Nxe4 30. Re1 Bb4 31. Rxe4 1-0

[Event "Pszczyna op"]
[Site "Pszczyna"]
[Date "2009.07.14"]
[Round "1"]
[White "Pipala, Janusz"]
[Black "Orlowski, Adrian"]
[Result "1-0"]
[WhiteElo "1977"]
[BlackElo "1506"]
[PlyCount "53"]
[EventDate "2009.07.14"]
[EventType "swiss"]
[EventRounds "9"]
[EventCountry "POL"]
[SourceTitle "CBM 131 Extra"]
[Source "ChessBase"]
[SourceDate "2009.09.03"]
[SourceVersion "2"]
[SourceVersionDate "2009.09.16"]
[SourceQuality "1"]

1. d4 Nf6 2. Nf3 g6 3. g3 Bg7 4. Bg2 d6 5. Nbd2 Nbd7 6. 0-0 0-0 7. Rb1 e5 8. dxe5 dxe5 9. e4 b6 10. Qe2 Qe7 11. b4 c5 12. b5 a6 13. a4 axb5 14. axb5 Bb7 15. Ne1 Bh6 16. Nc4 Bxc1 17. Rxc1 Ne8 18. Nd3 Nd6 19. Nxd6 Qxd6 20. Nb2 Ra2 21. Rfd1 Qe7 22. Nc4 Rb8 23. Bh3 Nf6 24. f3 Qc7 25. Rd6 Qe7 26. Rcd1 Bc8 27. Rd8+ 1-0

[Event "Krakow op-A 19th"]
[Site "Krakow"]
[Date "2009.01.04"]
[Round "9"]
[White "Pietrzak, Wojciech"]
[Black "Pipala, Janusz"]
[Result "1-0"]
[WhiteElo "1912"]
[BlackElo "2086"]
[PlyCount "89"]
[EventDate "2008.12.26"]
[EventType "swiss"]
[EventRounds "9"]
[EventCountry "POL"]
[SourceTitle "CBM 128 Extra"]
[Source "ChessBase"]
[SourceDate "2009.03.05"]
[SourceVersion "2"]
[SourceVersionDate "2009.03.25"]
[SourceQuality "1"]

1. e4 e5 2. Nf3 Nc6 3. Bb5 d6 4. 0-0 Bd7 5. c3 Nf6 6. Re1 a6 7. Ba4 Qe7 8. d3 g6 9. h3 Bg7 10. Nbd2 Nh5 11. Nf1 Nf4 12. Bxf4 exf4 13. Qd2 g5 14. Bxc6 bxc6 15. Nd4 Kf8 16. Nf5 Bxf5 17. exf5 Qf6 18. Qe2 h5 19. Qe4 d5 20. Qb4+ Qd6 21. Qb7 Rd8 22. Qxa6 Bf6 23. d4 g4 24. Qd3 Rg8 25. a4 c5 26. hxg4 hxg4 27. dxc5 Qxc5 28. Qb5 Qa7 29. Qb4+ Rd6 30. Qxf4 d4 31. cxd4 Bxd4 32. Red1 f6 33. Rd2 Ke7 34. Rad1 Be5 35. Qc4 Rg7 36. Rxd6 cxd6 37. Rc1 Qd7 38. Ne3 Bxb2 39. Rb1 Qb7 40. Qe2 g3 41. Rxb2 gxf2+ 42. Qxf2 Qc6 43. Nd5+ Kf7 44. Qa7+ Kg8 45. Nxf6+ 1-0

[Event "Krakow op-A 19th"]
[Site "Krakow"]
[Date "2008.12.31"]
[Round "6"]
[White "Pipala, Janusz"]
[Black "Gluszko, Monika"]
[Result "0-1"]
[WhiteElo "2086"]
[BlackElo "1901"]
[PlyCount "78"]
[EventDate "2008.12.26"]
[EventType "swiss"]
[EventRounds "9"]
[EventCountry "POL"]
[SourceTitle "CBM 128 Extra"]
[Source "ChessBase"]
[SourceDate "2009.03.05"]
[SourceVersion "2"]
[SourceVersionDate "2009.03.25"]
[SourceQuality "1"]

1. d4 Nf6 2. c4 g6 3. g3 Bg7 4. Bg2 d5 5. cxd5 Nxd5 6. e4 Nb6 7. Ne2 Nc6 8. d5 Ne5 9. h3 0-0 10. Nbc3 f5 11. f4 Nec4 12. e5 e6 13. b3 Na5 14. Ba3 exd5 15. Bxf8 Qxf8 16. Nxd5 Be6 17. Nxb6 Qb4+ 18. Qd2 Qxb6 19. Rd1 c6 20. Qd4 Qb5 21. Nc3 Qa6 22. Rd3 Bf8 23. Na4 c5 24. Qe3 c4 25. Rd6 Bxd6 26. exd6 Qxd6 27. Nc5 Re8 28. 0-0 Bf7 29. Qf2 b6 30. b4 Nc6 31. b5 Na5 32. Nb7 Nxb7 33. Bxb7 Qd3 34. Bf3 c3 35. a4 c2 36. g4 fxg4 37. hxg4 Bc4 38. Re1 Rxe1+ 39. Qxe1 Qf1+ 0-1

[Event "Krakow op-A 19th"]
[Site "Krakow"]
[Date "2008.12.27"]
[Round "1"]
[White "Krzyzanowski, Marcin"]
[Black "Pipala, Janusz"]
[Result "1-0"]
[WhiteElo "2280"]
[BlackElo "2086"]
[PlyCount "49"]
[EventDate "2008.12.26"]
[EventType "swiss"]
[EventRounds "9"]
[EventCountry "POL"]
[SourceTitle "CBM 128 Extra"]
[Source "ChessBase"]
[SourceDate "2009.03.05"]
[SourceVersion "2"]
[SourceVersionDate "2009.03.25"]
[SourceQuality "1"]

1. e4 e5 2. Nf3 Nc6 3. Bb5 a6 4. Ba4 Nf6 5. 0-0 Be7 6. Re1 b5 7. Bb3 d6 8. c3 Na5 9. Bc2 c5 10. d4 Qc7 11. h3 0-0 12. Nbd2 Re8 13. Nf1 cxd4 14. cxd4 exd4 15. Nxd4 Bd7 16. b3 Nc6 17. Bb2 Nb4 18. Bb1 d5 19. a3 Nc6 20. exd5 Nxd4 21. Bxd4 Rad8 22. Rxe7 Rxe7 23. Bxf6 gxf6 24. d6 Bc8 25. Qh5 1-0

[Event "Gora Sw Anny op 1st"]
[Site "Gora Sw Anny"]
[Date "2008.02.23"]
[Round "8"]
[White "Noga, Jozef"]
[Black "Pipala, Janusz"]
[Result "1-0"]
[WhiteElo "2054"]
[BlackElo "2055"]
[PlyCount "95"]
[EventDate "2008.02.18"]
[EventType "swiss"]
[EventRounds "9"]
[EventCountry "POL"]
[SourceTitle "CBM 122 Extra"]
[Source "ChessBase"]
[SourceDate "2008.03.04"]
[SourceVersion "1"]
[SourceVersionDate "2008.03.04"]
[SourceQuality "1"]

1. d4 d5 2. Nf3 Nf6 3. e3 Bg4 4. c4 c6 5. Be2 e6 6. 0-0 Bd6 7. Nfd2 h5 8. f3 Qc7 9. f4 b6 10. Nc3 Nbd7 11. e4 Bxf4 12. e5 Be3+ 13. Kh1 Bxe2 14. Qxe2 Ng4 15. Nf3 Bxc1 16. Raxc1 dxc4 17. Ng5 Ndxe5 18. dxe5 Qxe5 19. Qxe5 Nxe5 20. Rce1 Nd3 21. Re4 0-0 22. Rxc4 c5 23. b3 Rad8 24. Rh4 g6 25. Ra4 Rd7 26. Kg1 Kg7 27. Re4 a6 28. Rxe6 f6 29. Nf3 Rb7 30. Rd6 Nb4 31. Rc1 Rc8 32. Nd5 a5 33. a3 Nxd5 34. Rxd5 Rc6 35. Nd4 Rc8 36. Ne6+ Kh6 37. Rd6 Re8 38. Rf1 f5 39. Nf4 Rg8 40. h4 b5 41. Rc1 c4 42. bxc4 bxc4 43. Rxc4 Rb1+ 44. Kh2 Rb3 45. Rc7 a4 46. Rdd7 Rh8 47. Ne6 g5 48. hxg5+ 1-0

[Event "Gora Sw Anny op 1st"]
[Site "Gora Sw Anny"]
[Date "2008.02.19"]
[Round "3"]
[White "Pipala, Janusz"]
[Black "Shishkin, Vadim"]
[Result "0-1"]
[WhiteElo "2055"]
[BlackElo "2493"]
[PlyCount "40"]
[EventDate "2008.02.18"]
[EventType "swiss"]
[EventRounds "9"]
[EventCountry "POL"]
[SourceTitle "CBM 122 Extra"]
[Source "ChessBase"]
[SourceDate "2008.03.04"]
[SourceVersion "1"]
[SourceVersionDate "2008.03.04"]
[SourceQuality "1"]

1. d4 Nf6 2. c4 g6 3. Nc3 d5 4. cxd5 Nxd5 5. e4 Nxc3 6. bxc3 Bg7 7. Ba3 Nd7 8. Bc4 c5 9. Qb3 0-0 10. Ne2 Qc7 11. e5 Nb6 12. Bxf7+ Rxf7 13. dxc5 Qxe5 14. cxb6 axb6 15. Bc1 Be6 16. Qxb6 Bc4 17. Be3 Qe4 18. Qb2 Bxe2 19. Kxe2 Rxf2+ 20. Kxf2 Rf8+ 0-1

[Event "Pszczyna op 3rd"]
[Site "Pszczyna"]
[Date "2007.07.22"]
[Round "9"]
[White "Pipala, Janusz"]
[Black "Tchorzewski, Kazimierz"]
[Result "1-0"]
[WhiteElo "2089"]
[BlackElo "1912"]
[PlyCount "49"]
[EventDate "2007.07.17"]
[EventType "swiss"]
[EventRounds "9"]
[EventCountry "POL"]
[SourceTitle "EXT 2011"]
[Source "ChessBase"]
[SourceDate "2010.11.26"]
[SourceVersion "1"]
[SourceVersionDate "2010.11.26"]
[SourceQuality "1"]

1. d4 Nf6 2. c4 e5 3. dxe5 Ng4 4. Bf4 Nc6 5. Nf3 Bb4+ 6. Nc3 Qe7 7. Qd5 f6 8. exf6 Nxf6 9. Qd3 0-0 10. g3 Re8 11. Bg5 d6 12. 0-0-0 Ne5 13. Nxe5 Qxe5 14. Bxf6 Qxf6 15. Nd5 Qh6+ 16. e3 Ba5 17. Qc2 Bd7 18. Rd4 Qe6 19. Bd3 h6 20. Re4 Qh3 21. Rh4 Qe6 22. Bh7+ Kh8 23. Re4 Qh3 24. Nf4 Rxe4 25. Nxh3 1-0

[Event "Pszczyna op 3rd"]
[Site "Pszczyna"]
[Date "2007.07.19"]
[Round "5"]
[White "Pipala, Janusz"]
[Black "Polishchuk, Oleg"]
[Result "0-1"]
[WhiteElo "2089"]
[BlackElo "2248"]
[PlyCount "120"]
[EventDate "2007.07.17"]
[EventType "swiss"]
[EventRounds "9"]
[EventCountry "POL"]
[SourceTitle "EXT 2011"]
[Source "ChessBase"]
[SourceDate "2010.11.26"]
[SourceVersion "1"]
[SourceVersionDate "2010.11.26"]
[SourceQuality "1"]

1. d4 Nf6 2. c4 c5 3. d5 b5 4. cxb5 a6 5. b6 Qxb6 6. Nc3 d6 7. Nf3 g6 8. g3 Bg7 9. Bg2 0-0 10. Nd2 Nbd7 11. Nc4 Qc7 12. h3 Bb7 13. 0-0 Nb6 14. Qd3 Nxc4 15. Qxc4 Rfb8 16. Kh2 Bc8 17. a3 Bd7 18. Qd3 Rb3 19. Qc2 Rab8 20. f4 h5 21. e4 h4 22. gxh4 Nh5 23. Ra2 Qa5 24. Bd2 Qb6 25. Bc1 Bf6 26. Bf3 Ng7 27. h5 gxh5 28. Rg1 Kf8 29. Bd1 Bd4 30. Rg2 Qa5 31. Qd3 Bxc3 32. Bxb3 Rxb3 33. bxc3 Rxc3 34. Bd2 Rxd3 35. Bxa5 Rxh3+ 36. Kg1 Bg4 37. Bc7 Bf3 38. e5 dxe5 39. Rh2 Rxh2 40. Kxh2 Bxd5 41. Rd2 e6 42. Bd6+ Kg8 43. Bxe5 Nf5 44. Rc2 c4 45. Rb2 Ne3 46. Kg3 Kh7 47. Rb6 Kg6 48. Rxa6 f6 49. Ba1 Nc2 50. Bc3 Kf5 51. a4 Na3 52. Rb6 Be4 53. a5 Nb1 54. Ba1 c3 55. Rb5+ Kg6 56. a6 c2 57. Bb2 Nc3 58. Rb4 Bd5 59. a7 Kf5 60. Kf2 Nd1+ 0-1

[Event "Pszczyna op 3rd"]
[Site "Pszczyna"]
[Date "2007.07.17"]
[Round "2"]
[White "Mulet, Piotr"]
[Black "Pipala, Janusz"]
[Result "1-0"]
[WhiteElo "2314"]
[BlackElo "2089"]
[PlyCount "71"]
[EventDate "2007.07.17"]
[EventType "swiss"]
[EventRounds "9"]
[EventCountry "POL"]
[SourceTitle "EXT 2011"]
[Source "ChessBase"]
[SourceDate "2010.11.26"]
[SourceVersion "1"]
[SourceVersionDate "2010.11.26"]
[SourceQuality "1"]

1. e4 e5 2. Nf3 Nf6 3. Nc3 Nc6 4. Be2 Bc5 5. Nxe5 Nxe5 6. d4 Bd6 7. dxe5 Bxe5 8. Qd3 Qe7 9. 0-0 Qc5 10. Be3 Qb4 11. a3 Qa5 12. Bd2 Qc5 13. Rad1 d6 14. b4 Qc6 15. Nd5 Nxd5 16. exd5 Qb6 17. Be3 Qa6 18. Qxa6 bxa6 19. Bd4 Bxd4 20. Rxd4 Rb8 21. Bd3 Kd8 22. Rf4 f6 23. Re1 Rb6 24. h4 Bd7 25. Re3 f5 26. Bxf5 Rf8 27. Ref3 Bxf5 28. Rxf5 Rxf5 29. Rxf5 Ke7 30. Rf4 a5 31. Rc4 Kd7 32. h5 axb4 33. Rxb4 Ra6 34. a4 Ra5 35. c4 Rc5 36. f3 1-0

[Event "Lubawka op 2nd"]
[Site "Lubawka"]
[Date "2007.07.11"]
[Round "9"]
[White "Jagodzinski, Piotr"]
[Black "Pipala, Janusz"]
[Result "0-1"]
[WhiteElo "2120"]
[BlackElo "2089"]
[PlyCount "118"]
[EventDate "2007.07.07"]
[EventType "swiss"]
[EventRounds "9"]
[EventCountry "POL"]
[SourceTitle "CBM 119 Extra"]
[Source "ChessBase"]
[SourceDate "2007.09.04"]
[SourceVersion "1"]
[SourceVersionDate "2007.09.04"]
[SourceQuality "1"]

1. e4 e5 2. f4 Bc5 3. Nf3 d6 4. Nc3 Nc6 5. Na4 Bb6 6. Nxb6 axb6 7. Bc4 Be6 8. Bxe6 fxe6 9. fxe5 Nxe5 10. Nxe5 Qh4+ 11. Kf1 dxe5 12. Qe1 Qe7 13. d3 Nf6 14. g3 Qc5 15. Qe2 0-0 16. Kg2 Qd4 17. Rf1 h6 18. a3 Rad8 19. Rb1 c5 20. Be3 Qa4 21. b4 Qxa3 22. bxc5 bxc5 23. c4 Qxd3 24. Qxd3 Rxd3 25. Bxc5 Rd2+ 26. Kg1 Rc8 27. Be3 Nxe4 28. Rxb7 Nd6 29. Bxd2 Nxb7 30. Rc1 Nc5 31. Be3 Nb3 32. Rc3 Nd4 33. Kg2 Rc5 34. h4 Kf7 35. h5 Ke7 36. Kf2 Kd7 37. Bc1 Nb5 38. Rd3+ Nd4 39. Rc3 e4 40. Ke3 Nb5 41. Rc2 Nd6 42. g4 e5 43. Rg2 Nxc4+ 44. Ke2 Nb6 45. Kd1 Nd5 46. g5 e3 47. gxh6 gxh6 48. Rg7+ Ke6 49. Rg6+ Kf5 50. Rxh6 e2+ 51. Kxe2 Rxc1 52. Rh8 Ke4 53. Kd2 Rh1 54. h6 Nf4 55. h7 Kf3 56. Re8 Rh2+ 57. Ke1 Ng6 58. Re6 e4 59. Rxg6 Rxh7 0-1

[Event "POL-ch disabled"]
[Site "Chotowa"]
[Date "2007.05.26"]
[Round "1.6"]
[White "Pipala, Janusz"]
[Black "Cyboran, Katarzyna"]
[Result "1-0"]
[WhiteElo "2069"]
[BlackElo "1770"]
[PlyCount "67"]
[EventDate "2007.05.26"]
[EventType "swiss"]
[EventRounds "9"]
[EventCountry "POL"]
[SourceTitle "EXT 2023"]
[Source "ChessBase"]
[SourceDate "2022.10.05"]
[SourceVersion "1"]
[SourceVersionDate "2022.10.05"]
[SourceQuality "1"]

1. d4 c5 2. d5 f5 3. Bf4 d6 4. Nc3 Nf6 5. g3 g6 6. Bg2 Bg7 7. Nf3 0-0 8. 0-0 Na6 9. Qc1 Nc7 10. Rd1 b5 11. Ng5 b4 12. Nb1 Bb7 13. c4 h6 14. Nf3 g5 15. Be3 Ng4 16. Rd3 Ne5 17. Rb3 a5 18. Nxe5 Bxe5 19. a4 Rc8 20. f4 gxf4 21. Bxf4 Bxf4 22. Qxf4 Kh7 23. Bh3 Qd7 24. e4 e6 25. dxe6 Nxe6 26. Bxf5+ Kg7 27. Qg4+ Kf7 28. Rf3 Ke7 29. Nd2 Rg8 30. Qh4+ Ke8 31. Qxh6 Ke7 32. Qh7+ Rg7 33. Qxg7+ Nxg7 34. Bxd7 1-0

[Event "Malopolskie Bezirk-ch"]
[Site "Krakow"]
[Date "2007.04.30"]
[Round "2"]
[White "Pipala, Janusz"]
[Black "Stupak, Kirill"]
[Result "0-1"]
[WhiteElo "2069"]
[BlackElo "2360"]
[PlyCount "84"]
[EventDate "2007.04.29"]
[EventType "swiss"]
[EventRounds "9"]
[EventCountry "POL"]
[SourceTitle "EXT 2011"]
[Source "ChessBase"]
[SourceDate "2010.11.26"]
[SourceVersion "1"]
[SourceVersionDate "2010.11.26"]
[SourceQuality "1"]

1. e4 e6 2. d4 d5 3. Nc3 Nf6 4. Bg5 dxe4 5. Nxe4 Be7 6. Nxf6+ Bxf6 7. Bxf6 Qxf6 8. Bd3 c5 9. Qf3 cxd4 10. Bb5+ Bd7 11. Qxb7 Qe5+ 12. Be2 0-0 13. Nf3 Qc5 14. 0-0 Bc6 15. Qc7 Nd7 16. c3 Rac8 17. Qg3 dxc3 18. bxc3 Bxf3 19. Qxf3 Qxc3 20. Qxc3 Rxc3 21. Rfc1 Rfc8 22. Rxc3 Rxc3 23. Rd1 Nf8 24. a4 e5 25. a5 Ne6 26. Rb1 Kf8 27. Rb7 Rc1+ 28. Bf1 Rc7 29. a6 Ke7 30. g3 Kd6 31. Rb8 f5 32. h4 e4 33. Rb5 g6 34. h5 Nd4 35. Rb4 Ke5 36. h6 g5 37. Kg2 f4 38. gxf4+ gxf4 39. Rb7 Rc6 40. Rxh7 Nf5 41. Rxa7 Rxh6 42. Rb7 Nh4+ 0-1

[Event "Krakow op-B"]
[Site "Krakow"]
[Date "2004.01.02"]
[Round "7"]
[White "Pipala, Janusz"]
[Black "Karpeta, Robert"]
[Result "1-0"]
[WhiteElo "2078"]
[BlackElo "1980"]
[PlyCount "99"]
[EventDate "2003.12.27"]
[EventType "swiss"]
[EventRounds "9"]
[EventCountry "POL"]
[SourceTitle "EXT 2006"]
[Source "ChessBase"]
[SourceDate "2005.11.24"]
[SourceVersion "1"]
[SourceVersionDate "2005.11.24"]
[SourceQuality "1"]

1. Nf3 Nf6 2. d4 g6 3. b3 Bg7 4. Bb2 d5 5. e3 0-0 6. Bd3 Nbd7 7. 0-0 e5 8. dxe5 Ng4 9. Nbd2 Ngxe5 10. Rb1 Re8 11. Be2 Nxf3+ 12. Nxf3 Bxb2 13. Rxb2 Qf6 14. Qc1 c6 15. Rd1 Ne5 16. c3 Bg4 17. Nxe5 Bxe2 18. Nd7 Qe7 19. Rxe2 Qxd7 20. c4 Qe6 21. cxd5 cxd5 22. Qc5 Red8 23. Red2 b6 24. Qb5 Rac8 25. Qa4 Qe7 26. h3 Rc5 27. Qb4 Qe5 28. g3 Rdc8 29. Qa4 R8c7 30. b4 Rc1 31. Qb3 Rxd1+ 32. Rxd1 Rc4 33. a3 Qc3 34. Qa4 Rc7 35. Rxd5 h5 36. Qe8+ Kh7 37. Qe4 Kg7 38. Kg2 Qf6 39. g4 hxg4 40. hxg4 Qc3 41. g5 Rc8 42. Rd7 Rc7 43. Rd6 Rc8 44. a4 Rc7 45. Qh4 Rc8 46. Qf4 Rc7 47. b5 Rc4 48. Rd4 Rc8 49. Qf6+ Kg8 50. Rd8+ 1-0